| 000 | 00552pam a2200181 a 4500 | ||
|---|---|---|---|
| 020 | _a040801248X : | ||
| 082 | 0 | 0 |
_a526.902855133 _bBAR _cL-16, P-58 |
| 100 | 1 |
_aBarnes, W. M. _939667 |
|
| 245 | 1 | 0 |
_aBASIC surveying / _cW.M. Barnes. |
| 260 |
_aLondon ; _aBoston : _bButterworths, _c1988. |
||
| 300 |
_a196 p. : _bill. ; _c22 cm. |
||
| 500 | _aIncludes index. | ||
| 526 |
_a0 _b0 _c0 _d526_902855133000000_BAR |
||
| 650 | 0 |
_aBASIC (Computer program language) _9783 |
|
| 650 | 0 |
_aMCE _9379 |
|
| 650 | 0 |
_aSurveying _xData processing. _939668 |
|
| 942 |
_2ddc _cBK |
||
| 999 |
_c544118 _d544118 |
||